000 01451namaa22003251i 4500
005 20260412134201.0
008 260412s1994 u a|||fr|m|| 000 0 eng d
040 _aEG-GICUC
_beng
_cEG-GICUC
_dEG-GICUC
_erda
041 0 _aeng
_beng
_bara
049 _aDeposit
097 _aM.Sc
099 _aCai01.11.18.M.Sc.1994.M
100 0 _aSayed Sayed Salheen Sayed ,
_epreparation.
245 1 0 _aMicroalbuminuria in diabetic autonomic neuropathy /
_cBy Sayed Sayed Salheen Sayed ; Supervised .Prof.Dr. Mohamed Khaled Naga , Prof.Dr. Wafaa H . El-Metnawy , Dr. Tarek Hussein ,
246 1 5 _aالزلال البولى الدقيق فى اضرابات الجهاز العصبى اللاارادى فى مرضي البول السكرى
264 0 _c1994
300 _a141 Leaves :
_billustrations ;
_c30 cm. +
336 _2rda content
_atext
337 _2rdamedia
_aUnmediated
338 _2rdacarrier
_avolume
502 _a Thesis (M.Sc.)-Cairo University, 1994
504 _aBibliography: pages 111 : 141
653 0 _aMicroalbuminuria in diabetic autonomic neuropathy
700 0 _aMohamed Khaled Naga
_ethesis advisor.
700 0 _a Wafaa H . El-Metnawy
_ethesis advisor.
700 0 _aTarek Hussein
_ethesis advisor.
900 _DDepartment of Internal
_F Faculty of Medicine
_U Cairo University
_b1994
_cMohamed Khaled Naga
_c Wafaa H . El-Metnawy
_cTarek Hussein
_dMohamed Khaled Naga
905 _aNagat
942 _2ddc
_cTH
_e21
_n0
999 _c179425